000 01902nam0a22003131 4500
001 rc\3820740
005 20260407081320.0
021 _aRU
_b[76-22436]
035 _a(NLR Aleph) 007275730
090 _a5456780
_c5456780
100 _a20120410d1975 |||y0rusy50 ca
101 0 _arus
102 _aRU
_aRU
105 _aa z |||||
200 1 _aФункциональная и прикладная анатомия вен центральной нервной системы
_f[Профессора С.С. Михайлов, И.И. Каган, канд. мед. наук Р.Г. Моршинин]
_gПод ред. проф. С.С. Михайлова и проф. И.И. Кагана
_gКуйбышев. мед. ин-т им. Д.И. Ульянова, Оренб. мед. ин-т
210 _aОренбург
_cБ. и.
_d1975
215 _a150 с., 19 л. ил.
_d20
320 _aБиблиогр. науч. работ по анатомии вен центр. нервной системы, выполн. сотрудниками кафедры оперативной хирургии с топогр. анатомией и др. кафедр Оренб. мед. ин-та / кандидаты мед. наук А.М. Мархашов, А.А. Коноплев: с. 135-148 (168 назв.)
606 _aВены центральной нервной системы
_xАнатомия и гистология
_2psbo
701 1 _aКаган
_bИ.И.
_4340
701 1 _aМоршинин
_bР.Г.
701 1 _4340
_8rus
_7ca
_aМихайлов
_bС. С.
_f1919-1993
_cд-р мед. наук, анатом
_gСергей Сергеевич
_3RU\NLR\AUTH\7728464
_911495
712 0 2 _aСамарский медицинский институт
_3RU\NLR\AUTH\886971
_9285921
801 0 _aRU
_bNLR
_gpsbo
801 1 _aRU
_bELAR
_2rusmarc
852 _aNLR
_j76-3/5142
942 _cBOOK
980 _aNB